000 00361 a2200157 4500
001 194392
020 _a85-368-0188-9
040 _cMagnum
100 _aBellinghausen, Ingrid Biesemeyer
240 1 0 _aPersonagens encantados II
_lpor
245 1 0 _aPersonagens encantados II
300 _a24
362 0 _a2006
697 _aLITERATURA INFANTO
942 _cBK
999 _c194392
_d194392